Guess The Song Via Lyrics Quiz #2 - Statistics

General Stats
  • This quiz has been taken 51 times
  • The average score is 172 of 333
Answer Stats
Hint Answer % Correct
A
98%
a
98%
I
93%
you
93%
the
84%
me
77%
we
77%
We
77%
when
77%
love
75%
and
73%
And
73%
hear
73%
Do
70%
do
70%
do...
70%
In
64%
in
64%
Can
61%
So
61%
your
61%
my
59%
She
59%
her
57%
of
55%
on
52%
there
43%
la
41%
by
39%
now
39%
Now
39%
with
36%
I'll
34%
one
34%
our
34%
day
32%
every
32%
sun
32%
from
30%
was
30%
out
23%
yeah
23%
Callin'
20%
down
20%
name
20%
sand
16%
hair
14%
Sha
14%
sha
14%
sky
14%
without
14%
away
11%
rain
11%
remember
11%
Hey
9%
hey
9%
nights
9%
Ooh
9%
wet
9%
bay
7%
dark
7%
dress
7%
Makin'
7%
summer
7%
Thunder
7%
across
5%
close
5%
cool
5%
fell
5%
grass
5%
grew
5%
held
5%
lightning
5%
Until
5%
bit
2%
blinded
2%
bodies
2%
Both
2%
Chasin'
2%
drying
2%
hours
2%
Island
2%
lady
2%
mile
2%
number
2%
passed
2%
shared
2%
storm
2%
sunshine
2%
Song Name Thunder Island
2%
turned
2%
Caught
0%
color
0%
Cuts
0%
deeper
0%
Goodbye
0%
hidin'
0%
Indian
0%
Band / Artist | Written By: Jay Ferguson
0%
laughin'
0%
laughing
0%
little
0%
rode
0%
summer's
0%
undone
0%
wild
0%
winds
0%
No matching quizzes found
Score Distribution
Percent of People with Each Score
Percentile by Number Answered
Your Score History
You have not taken this quiz